[Event "ISR-chT playoff"]
[Site "Tel Aviv"]
[Date "2002.05.11"]
[Round "?"]
[White "Gruenfeld, Yehuda"]
[Black "Gershon, Alik"]
[Result "1-0"]
[WhiteElo "2476"]
[BlackElo "2558"]
[Annotator "Gershon,A"]
[PlyCount "151"]
[EventDate "2002.05.??"]
[EventType "team"]
[EventRounds "2"]
[EventCountry "ISR"]
[SourceTitle "CBM 089"]
[Source "ChessBase"]
[SourceDate "2002.08.12"]
[SourceVersion "1"]
[SourceVersionDate "2002.08.12"]
[SourceQuality "1"]

1. e4 c5 2. Nf3 d6 3. d4 cxd4 4. Nxd4 Nf6 5. Nc3 Nc6 6. Bg5 e6 7. Qd2 Be7 8.
O-O-O O-O 9. f4 h6 10. Bh4 Nxd4 11. Qxd4 Qa5 12. Bc4 e5 13. fxe5 dxe5 14. Qd3
Bg4 {Here is the first crossroad in this line:} 15. Bxf6 (15. Rdf1 Be6 (15...
Qc5 16. Bb3 Kh8 $2 {a blunder, after which black is bound to suffer for many
moves.} 17. Bxf6 Bxf6 18. Kb1 Rad8 19. Qg3 Be6 20. Nd5 Bxd5 21. Bxd5 Rd6 22.
Rf3 $1 $16 {1-0 Kobalia,M-Gershon,A/Kharkov UKR 2002/The Week in Chess 386 (48)
}) 16. Bxf6 Bxf6 17. Kb1 Qc5 18. Bb3 Kh8 19. h4 Be7 20. Qe2 Qc8 21. Bxe6 fxe6
22. Rxf8+ Qxf8 23. Qb5 Qc8 24. Ne2 $1 Qc7 25. Nc1 $16 {Ponomariov,R - Avrukh,B/
2001}) 15... Bxf6 16. Rdf1 Bh4 {black's idea to neutralize white's initiative
with his pair of bishops, and get counterplay on the queen side. However, it's
not all that simple.} (16... Rac8 17. Bb3 Bh4 18. Kb1 Qc5 19. g3 {1/2-1/2
Morovic Fernandez,I-Zarnicki,P/Pinamar ARG 2002/The Week in Chess 386 (19)})
17. h3 Rad8 18. Nd5 Be6 19. g3 Bg5+ 20. Kb1 Qc5 21. h4 Be7 22. Qe2 $1 {An
exact move. White doesn't waste a tempo on Bb3} ({An automatiuc:} 22. Bb3 {
would have allowed black} Kh8 23. Qe2 f5 {with a good play}) 22... Kh8 ({
worse is:} 22... b5 23. Bb3 a5 24. Nxe7+ Qxe7 25. Bxe6 Qxe6 26. Qxb5 Rd4 27.
Qxa5 Rxe4 28. Re1 Rxe1+ 29. Rxe1 e4 30. a4 $16 {1-0 Almasi,Z-Gershon,A/Ohrid
2001/CBM 84 (52)}) 23. g4 b5 24. Bb3 a5 $1 {sacrifising a pawn but getting
counterplay} 25. Nxe7 Qxe7 26. g5 $5 {white doesn't want to chase the pawns,
but rather go for black's king!} (26. Bxe6 Qxe6 27. Qxb5 Qxg4 28. Qxa5 Qxe4 {
with an unclear position}) (26. Qxb5 Bxg4 27. Qxa5 Be2 28. Rxf7 $1 ({of course
not:} 28. Rf2 $4 Qxh4 $1 {and black wins}) (28. Re1) 28... Rxf7 29. Bxf7 Qxh4
30. Rg1 Qg5 {white is better, but black has his chances.}) 26... Bxb3 27. axb3
a4 28. gxh6 gxh6 29. Qxb5 axb3 30. Qxb3 {in this position black is a pawn down,
but it will only be felt in an endgame. Now, however, it's of no importance,
since both kings are equally exposed.} Ra8 (30... Rb8 {I was choosing between
this and the tex, however, the rook's place is on a8.} 31. Qg3 $1 {Tying black
queen to the e5 pawn!} Rg8 32. Qf3 {[%csl Rf7]} Rb7 33. Rhg1 Rgb8 34. b3 $16)
31. Qb6 $1 {Exploiting the main drawback of Ra8} f6 32. Rhg1 Qf7 $2 {A wrong
plan, missing white's simple 24th move.} ({correct was:} 32... Kh7 {With an
idea or Ra7 and doubling rooks, or Qf7 now.}) 33. b3 Qe7 $4 {I was only
considering white's 24.Rg6?} (33... Kh7 34. Qe3 Ra6 35. Qf3 Rfa8 {And only
black can be better here!}) 34. Qe3 {Now black is lost!} (34. Rg6 Qa3 35. Rxh6+
Kg7 {Of course, here black is fine}) 34... Kh7 35. Qg3 Qf7 36. Qg4 $1 {
Threatening Qf5 and Rg6.} h5 $1 {Trying my last chance. This , hopeless
looking move, has, in fact, a nasty idea.} (36... Rg8 37. Qf5+ Kh8 38. Rxg8+
Rxg8 39. Qxf6+ {is obviously hopless}) 37. Qf5+ Kh6 38. Rf3 $4 {Wants to
double the rooks on the 'g' file and expecting black's resignation. In fact,
this move lets the victory away!} (38. Rg3 {was the right way to do it,
forcing black into the game variation, which is lost.}) 38... Ra6 $4 {With
little time left, black doesn't notice the difference between the text and the
expected Rg3. After 38.Rg3 black must wait for white to double his rooks along
the 'g' file, for the idea to work, but here...} (38... Ra1+ $3 {Now is the
right moment, white's 'g1' rook in unprotected.} 39. Kxa1 (39. Kb2 Rxg1 {
and black wins}) 39... Ra8+ 40. Kb1 Ra1+ 41. Kb2 ({the rook is untouchable:} 
41. Kxa1 Qa7+ 42. Kb2 Qa3+ (42... Qa1+ $4 {but not:} 43. Rxa1 {un-stalemating
black king}) 43. Kc3 Qxb3+ 44. Kd2 Qd3+ 45. Kc1 Qxc2+ 46. Kxc2 {Stalemate!
That was the dream position black saw when playing 36...h5!}) 41... Ra2+ 42.
Kc1 Rxc2+ 43. Kd1 Rc1+ 44. Ke2 Rxg1 {Black has taken white's key pawn on c2,
and now, the endgames are drawn!} 45. Qxf6+ Qxf6 46. Rxf6+ Kg7 47. Rf5 Rg4 48.
Rxe5 Rxh4 {It's a draw! Black simply plays Rh1 and pushes the pawn to h2,
securing the draw!}) 39. Rfg3 Ra1+ $1 {Had a bomb exploded in the playing holl
it would have had less effect on my opponent than this move, in a position he
was sure black will resign!  This psychological fact had a lot to do with
white's next mistakes.} 40. Kb2 $4 {white is trusting black and doesn't take
the rook. After this, there is a very long way to a win!} (40. Kxa1 Ra8+ 41.
Kb2 Ra2+ 42. Kc1 Rxc2+ 43. Kd1 (43. Kxc2 Qxb3+ {this is why it was so
important for black to wait untill white doubles the rooks on 'g' file. with a
rook on f1, white could simply take Rxb3 un-stalemating black king! Now it's a
draw.}) 43... Rc1+ (43... Rd2+ 44. Kxd2 {and black cannot give a check:} Qd7+ (
44... Qd5+ 45. exd5 {Now, it's the 'e' pawn that can move.}) 45. Qxd7) 44. Ke2
Rc2+ 45. Kf1 Rc1+ 46. Kg2 {And the king runs away}) 40... Ra2+ 41. Kc1 Ra1+ 42.
Kd2 Rd8+ 43. Ke2 Rxg1 44. Rxg1 {Now, the game starts from the very beginning}
Rg8 $1 {Setting another small trap} 45. Rg5 $1 (45. Rxg8 $4 Qc4+ $1 46. Kf3
Qe2+ 47. Kg3 Qg2+ 48. Kxg2 {stalemate}) 45... Rd8 46. Qf3 Rd6 47. Rf5 Qg6 48.
Kf1 Ra6 49. Kf2 Rd6 {Both players had 30 seconds per move till the rest of the
game now, therefore, the play was far from exact} 50. Qe3+ Kh7 51. Rf3 $2 (51.
c3 $142) 51... Qg4 ({after} 51... Rd4 $1 {[%csl Re4] And black has at LEAST a
draw!} 52. Rf5 Qg4) 52. Rg3 $4 {This move throws the game} Qd7 $4 {returning
the favor. Talking about the drawbacks of the new time control, when people
have 30 sec/a move beginning with move 20,} (52... Qd1 53. Rf3 Rd2+ 54. Kg3 {
I briefly looked at this position, and decided that the black K is getting
mated. The truth is, however, that white can only dream about one (!) check.}
Rxc2 55. Qa7+ Kg6 56. Qe3 Re2 {with an easy win}) 53. Qf3 {now white safely
removes his K away from danger and bigins pushing pawns.} Qa7+ 54. Kf1 Qf7 55.
Rg2 Ra6 56. Kg1 Kh6 57. Kh2 $1 $18 {white has finished regrouping his pieces!
Black is lost again} Rd6 58. c4 Rd4 59. c5 Rb4 60. Rg3 Rb8 61. Qd3 Rg8 62. Qd2+
(62. Qd5 {Would have won on the spot}) 62... Kh7 63. Rxg8 $2 {in a timetrouble,
white lets the win slip once again} Qxg8 64. Qd7+ Kh6 65. Qd2+ Kh7 66. Qe2 Qxb3
67. Qxh5+ Kg7 {Black was never so close to draw in this game!} 68. Qg4+ Kh6 $4
{Black relaxed and gets himself into a mating net!} (68... Kf7 69. Qd7+ Kf8 70.
Qd6+ Kg7 {with many checks to be given}) 69. h5 $1 {now it's all over} Kh7 70.
Qg6+ Kh8 71. Qxf6+ Kg8 72. Qxe5 Qc2+ 73. Kg3 Qd3+ 74. Kh4 Kh7 {the agony} 75.
Qf5+ Kh8 76. h6 {One of the strangest games I have ever played} 1-0

[Event "ISR-ch"]
[Site "Tel Aviv"]
[Date "2002.12.02"]
[Round "8"]
[White "Gershon, Alik"]
[Black "Vydeslaver, Alik"]
[Result "1-0"]
[WhiteElo "2562"]
[BlackElo "2434"]
[Annotator "Gershon,A"]
[PlyCount "63"]
[EventDate "2002.11.24"]
[EventType "swiss"]
[EventRounds "9"]
[EventCountry "ISR"]
[SourceTitle "CBM 093"]
[Source "ChessBase"]
[SourceDate "2003.04.01"]
[SourceVersion "1"]
[SourceVersionDate "2003.04.01"]
[SourceQuality "1"]

1. e4 c5 2. Nf3 d6 3. d4 cxd4 4. Nxd4 Nf6 5. Nc3 Nc6 6. Bg5 e6 7. Qd2 Be7 8.
O-O-O Nxd4 9. Qxd4 O-O 10. f4 Qa5 11. Kb1 {I wanted to drive the game into
less explored areas, with lively game.} Rd8 12. Be2 Bd7 13. Qe3 (13. e5 dxe5
14. fxe5 Nd5 15. Bxe7 Nxe7 $15) 13... h6 14. h4 Rac8 15. Rd3 (15. g4 Rxc3 16.
bxc3 Rc8 $44) 15... Qc5 $2 {this move looks very logical, however, it can by
refuted by force} (15... Bc6 {is obligatory}) 16. Qxc5 Rxc5 (16... dxc5 $5 17.
e5 Bc6 (17... hxg5 18. hxg5 $16) 18. exf6 gxf6 19. Bxh6 Kh7 20. Bg5 Kg7 (20...
Bxg2 21. Rh2 Bc6 22. f5 $1 fxg5 23. hxg5+ Kg8 24. fxe6 fxe6 25. Rdh3 $40 {
[%csl Rg8]}) 21. Bf3 $14) 17. e5 $1 Bc6 $1 {A great resource, which took my
opponent about 80 minutes to find, and calculate. The other moves are rather
gloom} (17... hxg5 18. hxg5 dxe5 $5 19. gxf6 $1 ({the natural:} 19. Rdh3 $4 {
fails to bring the victory home after :} Kf8 20. gxf6 Bxf6 $15) 19... Bxf6 20.
Rhd1 exf4 21. Rxd7 Rxd7 22. Rxd7 Bxc3 23. bxc3 Rxc3 24. Rxb7 $18) (17... dxe5
18. Bxf6 Bxf6 19. Rhd1 Rc7 20. Nb5 $16) 18. Bxf6 $1 {the only move to fight
for real advantage. The text wins an exchange by force, but black gets
compestation with a bishop pair and a strong pawn mass in the center.} ({
worse is:} 18. exf6 gxf6 19. Bxh6 Kh7 20. Bg5 Kg7 (20... Bxg2 21. Rg1 Bc6 22.
b4 Rc4 23. b5 Bd7 24. Rh3 Rb4+ 25. Kc1 $16) 21. Rg3 fxg5 22. hxg5 {1-0
Stripunsky,A-Hracek,Z/New York 1998/CBM 64/[Gofshtein,L] (47)} Rf5 {with an
unclear game. During the game I felt black can get even better here.}) (18. b4
Rxc3 19. Rxc3 hxg5 20. hxg5 Nh7 {[%cal Gh7f8] the fact that white does not
have Rdh3 allows black to consolidate with Nf8-g6}) 18... gxf6 19. b4 Rxc3 (
19... Rc4 $4 20. Rg3+ {[%csl Rc4][%cal Ge2c4]}) 20. Rxc3 dxe5 $6 (20... fxe5
$142 21. b5 Bd5 22. Rc7 $14) 21. b5 Bd5 22. Rf1 $1 ({but not} 22. fxe5 fxe5 $13
{[%cal Gf7f5] and black pawn mass becomes very mobile and threatening}) 22...
exf4 $2 {after this black is lost} (22... Bd6 $142 $1 23. f5 (23. g3 $5) 23...
e4 24. g4 $14) 23. Rxf4 Bd6 24. Ra4 {[%csl Ra7] now white creates a passed
pawn, which decides the game} Be5 25. Rd3 Rc8 26. Bf3 $1 {a very important
intermediate move} (26. Rxa7 $2 Be4 27. Rd2 Bf4 28. Rd7 (28. Rd4 $4 Bxc2+ 29.
Kb2 Be5 $19) 28... Rxc2 29. Bd3 Rd2 $11) 26... Bc4 {without the light squared
bishops, black would be helpless} (26... Bxf3 27. Rxf3 Rc5 28. Rxa7 Rxb5+ 29.
Rb3 Rd5 30. Rd3 Rb5+ 31. Kc1 {and black is lost}) 27. Bxb7 Rc5 28. Rd8+ Kg7 29.
Bc6 f5 (29... Bxb5 30. Bxb5 Rxb5+ 31. Kc1 $18 {[%cal Gc2c7] would have been
absolutely hopeless for black.}) 30. Rxa7 Bc3 {[%cal Gc5e5,Ge5e1]} 31. Be8 Kf6
(31... Re5 32. Rxf7+ Kg8 33. Rfd7 Rxb5+ 34. Kc1 $18) 32. b6 1-0

[Event "Lost Boys op"]
[Site "Antwerp"]
[Date "1999.08.06"]
[Round "7"]
[White "Baklan, Vladimir"]
[Black "Gershon, Alik"]
[Result "1/2-1/2"]
[WhiteElo "2591"]
[BlackElo "2492"]
[Annotator "Gershon,A"]
[PlyCount "71"]
[EventDate "1999.07.30"]
[EventType "swiss"]
[EventRounds "9"]
[EventCountry "BEL"]
[SourceTitle "CBM 072"]
[Source "ChessBase"]
[SourceDate "1999.10.01"]
[SourceVersion "1"]
[SourceVersionDate "1999.10.01"]
[SourceQuality "1"]

1. e4 c5 2. Nf3 d6 3. d4 Nf6 4. Nc3 cxd4 5. Nxd4 Nc6 6. Bg5 e6 7. Qd2 Be7 8.
O-O-O O-O 9. f4 Nxd4 10. Qxd4 Qa5 11. Bc4 Bd7 12. e5 dxe5 13. fxe5 Bc6 14. Bd2
Nd7 15. Nd5 Qd8 16. Nxe7+ Qxe7 17. Rhe1 Rfd8 18. Qg4 Nf8 19. Bd3 Rxd3 20. cxd3
Qd7 21. Re3 Bd5 $146 {[%csl Ga2]} ({So far black has only tried:} 21... Qd5 22.
Kb1 Ng6 23. Rg3 (23. Bc3 Qxg2 24. Qxg2 Bxg2 25. Rg3 Bc6 26. Rdg1 Rd8 27. Kc2
Rd7 28. b3 Kh8 29. Rg4 Ne7 30. Rd4 Bd5 31. Rf4 Nf5 32. Kd2 Bc6 33. a4 h6 34.
Rxf5 exf5 35. Rxg7 Rxd3+ 36. Kxd3 {1/2-1/2 Ivanov,A-Rachels,S/USA-ch 1989/CBM
19 (36)}) 23... Qxe5 24. Bc3 Qb5 25. h4 h5 26. Qe2 Bd5 27. b3 a5 28. Qxh5 a4
29. Rxg6 fxg6 30. Qxg6 Qd7 31. b4 Rc8 32. Rc1 e5 $36 {1/2-1/2 Stefansson,
H-Kotronias,V/Reykjavik 1994/CBM 39 ext (51)}) 22. Rg3 Ng6 23. Bc3 $5 (23. Kb1
$6 h5 $1 24. Qb4 (24. Qxh5 Qa4 25. b3 Bxb3 26. axb3 Qxb3+ 27. Ka1 Rc8 28. Rc1
Qa3+ $11) 24... a5 25. Qa3 (25. Qd6 Bxa2+ 26. Kxa2 Qa4+ {[%csl Gd1]}) 25...
Nxe5 $15 {[%cal Gb7b5]}) 23... Rc8 (23... Bxa2 24. h4 h5 25. Qxh5 {[%cal Gh5g4,
Gh4h5]}) 24. h4 h5 25. Qd4 $1 (25. Qxh5 Qa4 26. Qg4 Qxa2 (26... Rxc3+ 27. bxc3
Qxa2 28. Re1 Bb3 29. Qe2 Qa1+ 30. Kd2 Qb2+ 31. Ke3 Qxc3 $44 {[%csl Ge3,Ge5,Gh4]
Two pawns and much stronger pieces should compensate for the material.}) 27.
Kd2 Rxc3 28. Kxc3 Qb3+ 29. Kd2 Qxb2+ $40) 25... Qb5 (25... Qc6 {Baklan} 26.
Qxa7 Nxe5 27. Qd4 f6 28. Kb1 $13) 26. Rg5 Bxa2 27. Kd2 (27. g4 $2 Nxh4 28. gxh5
(28. Rxh5 Nf3 29. Rdh1 {Baklan} f6 30. exf6 Nxd4 31. Rxb5 Nxb5 $19) 28... Nf3
29. Rxg7+ {Baklan} (29. Qg4 Rxc3+ 30. bxc3 Qb1#) 29... Kxg7 30. Qg4+ Kf8 31.
Qxf3 Qxe5 $17) 27... Ne7 28. g4 Nd5 29. Ke1 $6 (29. Rc1 $142 Nxc3 30. bxc3 Qb2+
31. Rc2 Qb1 (31... Qa1 32. Qa4) 32. c4 $1 Bb3 33. Rc1 Qa2+ 34. Ke3 $16) 29...
Bb3 30. Rd2 $2 (30. Rc1 $142 Nb4 (30... Qc6 31. Bd2) 31. Kd2 $16) 30... Qa6 {
[%csl Ge1][%cal Ga6a1,Ga1h1] Letting my queen too close to the king} 31. gxh5
Qa1+ 32. Kf2 (32. Ke2 Rxc3 33. bxc3 Nxc3+ 34. Kf3 Bd5+ 35. Kg4 (35. Kf2 Nd1+)
35... Qh1 36. Qf2 Nd1 $36) 32... Qh1 33. Qg4 (33. h6 g6 34. h5 Kh7 (34... Qh2+
35. Rg2 Qf4+ 36. Qxf4 Nxf4 37. hxg6 (37. Rg1 Nxh5 $17 {[%csl Gh6]}) 37... Nxg2
38. gxf7+ Kxf7 39. Kxg2 Kg6 $11) 35. Qe4 Qxe4 36. dxe4 Nxc3 37. bxc3 Rxc3 38.
Rd7 Kxh6 $17) 33... Qh2+ 34. Ke1 Qh1+ 35. Kf2 (35. Qg1 Qxg1+ {Baklan} (35...
Qxh4+ 36. Rf2 $18) 36. Rxg1 Nxc3 37. bxc3 Rxc3 38. Rdg2 Rc1+ 39. Kd2 Rxg1 40.
Rxg1 Bd5 $15) 35... Qh2+ 36. Ke1 1/2-1/2

[Event "Belgrade"]
[Site "Belgrade"]
[Date "1993.??.??"]
[Round "5"]
[White "Hodgson, Julian M"]
[Black "Kramnik, Vladimir"]
[Result "0-1"]
[WhiteElo "2625"]
[BlackElo "2710"]
[Annotator "Glatman,V"]
[PlyCount "97"]
[EventDate "1993.??.??"]
[EventType "tourn"]
[EventRounds "9"]
[EventCountry "YUG"]
[EventCategory "16"]
[SourceTitle "CBM 039"]
[Source "ChessBase"]
[SourceDate "1994.04.01"]
[SourceVersion "1"]
[SourceVersionDate "1994.04.01"]
[SourceQuality "1"]

1. e4 c5 2. Nf3 Nc6 3. d4 cxd4 4. Nxd4 Nf6 5. Nc3 d6 6. Bg5 e6 7. Qd2 Be7 8.
O-O-O O-O 9. f4 Nxd4 10. Qxd4 Qa5 11. Bc4 (11. e5 dxe5 12. Qxe5 Qxe5 13. fxe5
Nd5 14. Bxe7 Nxe7 15. Bd3 b6 16. Be4 Rb8 17. Rhe1 Bb7 18. Rd7 Bxe4 19. Rxe4 Nc6
$10 {Cseshkovsky,V-Yudasin,L/Minsk/1982/}) 11... Bd7 12. Rd3 (12. Bb3 Bc6 13.
Rhf1 h6 14. Bh4 Qh5 15. Bg3 d5 16. exd5 Rfd8 17. Rfe1 Bxd5 18. Nxd5 Nxd5 {
Jansa,V-Barlov,D/JUG/1983/} 19. Qe5 $1 $10) (12. e5 dxe5 13. fxe5 Bc6 14. Bd2
Nd7 15. Nd5 Qd8 16. Nxe7+ Qxe7 17. Rhe1 Rfd8 (17... Nb6 18. Bb3 Rfd8 19. Qg4
Qc5 20. c3 $1 Bb5 21. Be3 Rxd1+ 22. Bxd1 Qc4 23. Qxc4 Nxc4 24. Bd4 $16 {
Sznapik,A-Wessman,R/Novi Sad (ol)/1990/ 1:0 (71) Inf 50/223/}) (17... Rfc8 18.
Kb1 Qc5 19. Qxc5 Nxc5 20. Bf1 a5 21. Be3 $14 {Ivanchuk,V-Garcia Ilundain,D/
Terrassa/1991/ 1:0 (51) Inf 52/198/}) (17... Qc5 $5 18. Qf4 Bb5 19. Bb3 Qc7 20.
Qg3 Nc5 21. Bg5 f5 22. exf6 Qxg3 23. f7+ Rxf7 24. hxg3 Nxb3+ 25. axb3 Bc6 $10 {
Psakhis,L-Gulko,B/Aruba/1992/ Inf 54/197/}) 18. Qg4 Nf8 $1 19. Bd3 (19. h4 $5
Qc5 20. Bc3 {Sherzer,A-Rachels,S/USA(ch)/1992/ 1:0 (38)/} Bd5 $5 21. Bd3 Bxa2
22. h5 $44) (19. Bf1 Qc5 20. Bc3 Ng6 21. Qg5 Rd5 22. Rxd5 Bxd5 23. a3 Rc8 24.
Qe3 Qc6 25. g3 a6 26. Be2 Ne7 27. Qg5 Qc7 $132 {Kamsky,G-Anand,V/Linares/1993/
0:1 (68) Inf 57/200/}) 19... Rxd3 20. cxd3 Ng6 21. Kb1 Qd8 22. Bc3 a5 23. g3
Ne7 24. Bd4 Qd5 25. Bg1 $14 {Anand,V-Lobron,E/Manila(ol)/1992/ 0,5 (52) Inf 55/
224/}) 12... Rad8 13. Rg3 Kh8 14. e5 dxe5 15. fxe5 Bc6 16. Qe3 Ng8 17. Bd3 Qb6
$5 $146 (17... h6 18. h4 b5 19. Kb1 b4 20. Ne2 Rd5 21. Qe4 Rxd3 22. Qxd3 Qxe5
23. Bxe7 Nxe7 24. Qd4 Qxd4 25. Nxd4 Be4 26. Re1 Bg6 27. Rge3 Rc8 28. R3e2 Nd5 {
Kotronias,V-Kramnik,V/Beograd/1993/ 0,5 (28)/}) 18. Qxb6 $6 (18. Qe2 $5) 18...
axb6 19. Re1 Bxg5+ 20. Rxg5 Rd4 $1 21. Be4 Ne7 22. Rg3 Rfd8 $15 23. b3 Ng6 24.
Bxc6 (24. Bxg6 fxg6 $1 25. Rf1 Kg8 $17) 24... bxc6 25. Rf3 Kg8 26. g3 h5 27.
Na4 $6 (27. a4 $5) (27. Rfe3 $5) 27... b5 28. Nb2 (28. Nc5 R8d5 29. Nd3 c5 $17)
28... Ra8 (28... R8d5 29. Rfe3 Rd2 30. h4) 29. Kb1 (29. a4 bxa4 30. Nxa4 Ra5
31. Rfe3 Rdd5 $19) 29... Rd2 30. h4 Ne7 31. Ref1 Nd5 (31... Nf5 $5 $17) 32.
Rxf7 $6 (32. Nd3 $5 b4 33. Kb2) 32... Nc3+ 33. Kc1 Re2 34. a4 (34. R7f3 Rxa2 $1
) 34... bxa4 35. Nxa4 Nxa4 36. bxa4 Rxa4 37. R1f2 Rxe5 $19 38. Rc7 Re3 39. Rxc6
Rxg3 40. Rxe6 Rxh4 41. Re5 Rh1+ 42. Kd2 h4 43. Re3 Kh7 44. Ke2 (44. Rxg3 hxg3
45. Re2 Rh2 46. Ke1 g2) 44... Rc1 45. Rxg3 hxg3 46. Rf1 Rxc2+ 47. Ke3 Kg6 48.
Ra1 (48. Rg1 Kh5 $19) 48... Kh5 (48... Kh5 49. Kf3 Kh4 50. Rh1+ Rh2 $19) 49.
Kf3 0-1